|
|
|
|
| LEADER |
00000nam0a2200000 4500 |
| 001 |
216709 |
| 005 |
20231101230047.0 |
| 010 |
|
|
|a 9785703835883
|
| 035 |
|
|
|a (RuTPU)RU\TPU\book\236682
|
| 090 |
|
|
|a 216709
|
| 100 |
|
|
|a 20120528d2012 m y0rusy50 ca
|
| 101 |
0 |
|
|a rus
|
| 102 |
|
|
|a RU
|
| 105 |
|
|
|a y j 001zy
|
| 200 |
1 |
|
|a Законодательная метрология
|e учебное пособие для вузов
|f В. В. Подувальцев
|
| 210 |
|
|
|a Москва
|c Изд-во МГТУ
|d 2012
|
| 215 |
|
|
|a 271 с.
|
| 320 |
|
|
|a Библиогр.: с. 201.
|
| 330 |
|
|
|a Рассмотрены нормативно-правовые принципы законодательной метрологии и организация метрологической деятельности в РФ, в том числе формы государственного регулирования в соответствии с Федеральным законом от 26.06.2008 № 102 «Об обеспечении единства измерений». В пособие входят комплексы взаимосвязанных и взаимообусловленных общих правил, требований и норм, направленных на обеспечение единства измерений и нуждающихся в регламентации. Задача пособия - помочь студентам и всем желающим в системном изучении документов законодательной метрологии и формировании правового мышления в различных;сферах метрологической деятельности с учетом не только норм внутреннего права РФ, но и общепринятых принципов и норм международного права и норм международных договоров РФ. Для студентов высших учебных заведений, изучающих стандартизацию и метрологию.
|
| 606 |
1 |
|
|a Метрология
|x Правовые вопросы
|2 stltpush
|3 (RuTPU)RU\TPU\subj\71919
|9 85590
|
| 610 |
1 |
|
|a законодательная метрология
|
| 610 |
1 |
|
|a измерения
|
| 610 |
1 |
|
|a метрологическая деятельность
|
| 610 |
1 |
|
|a Российская Федерация
|
| 610 |
1 |
|
|a техническое регулирование
|
| 610 |
1 |
|
|a федеральные законы
|
| 610 |
1 |
|
|a федеральные законодательные акты
|
| 610 |
1 |
|
|a ГСИ
|
| 610 |
1 |
|
|a государственная система обеспечения единства измерений
|
| 610 |
1 |
|
|a государственное регулирование
|
| 610 |
1 |
|
|a аккредитация
|
| 610 |
1 |
|
|a калибровка
|
| 610 |
1 |
|
|a международное сотрудничество
|
| 610 |
1 |
|
|a термины
|
| 610 |
1 |
|
|a определения
|
| 610 |
1 |
|
|a учебные пособия
|
| 686 |
|
|
|a Х621.145я73
|v LBC/SL-A
|2 rubbk
|
| 700 |
|
1 |
|a Подувальцев
|b В. В.
|g Владимир Васильевич
|
| 801 |
|
1 |
|a RU
|b 63413507
|c 20120528
|
| 801 |
|
2 |
|a RU
|b 63413507
|c 20150604
|g RCR
|
| 900 |
|
|
|a Метрология
|
| 942 |
|
|
|c BK
|
| 951 |
|
|
|b 221700
|
| 959 |
|
|
|a 85/20120528
|d 2
|e 0
|f ЧЗТЛ:1
|f АНЛ:1
|